| 000 | 01794cam a22004577a 4500 | ||
|---|---|---|---|
| 003 | CHAP | ||
| 005 | 20220329142748.0 | ||
| 008 | 030624s2003 mx r 00010 spa d | ||
| 010 | _a87423 | ||
| 011 | _a88395 | ||
| 035 | _a98940 | ||
| 040 | _cCHAP | ||
| 090 | _aTesis | ||
| 100 | 0 | 0 |
_aMagaña Valencia, Mariana. _969815 |
| 245 | 1 | 0 |
_aInfluencia de la valuación del tipo de cambio en la balanza comercial agropecuaria mexicana (1980-2002) _c/por Mariana Magaña Valencia |
| 260 |
_aChapingo, Méx. : _bEl autor, _c2003. |
||
| 300 |
_a95 h. ; _bilus. ; gráfs. |
||
| 502 | _aTesis (Lic. en Comercio Internacional de Productos Agropecuarios) -- UACH. División de Ciencias Económico Administrativas | ||
| 530 | _aTambién disponible en línea | ||
| 590 |
_aALEPH _b10 _c20130110 _lUCH01 _h1454 |
||
| 590 |
_aBATCH-UPD _b10 _c20130110 _lUCH01 _h1219 |
||
| 590 |
_aBATCH-UPD _b10 _c20130410 _lUCH01 _h0754 |
||
| 590 |
_aBATCH-UPD _b10 _c20130914 _lUCH01 _h0345 |
||
| 590 |
_aBATCH-UPD _b10 _c20130914 _lUCH01 _h2047 |
||
| 590 |
_aBATCH-UPD _b10 _c20140324 _lUCH01 _h1439 |
||
| 590 |
_aBATCH-UPD _b10 _c20141002 _lUCH01 _h0818 |
||
| 590 |
_aCONVERSION _b10 _c20130109 _lUCH01 _h1348 |
||
| 650 | 1 | 4 |
_aAnálisis de regresión. _95974 |
| 650 | 1 | 4 |
_aBalanza comercial. _99607 |
| 650 | 1 | 4 |
_aExportación e importación. _939074 |
| 650 | 1 | 4 |
_aMétodos estadísticos. _976631 |
| 650 | 1 | 4 |
_aProductos agrícolas _xExportación. _991945 |
| 650 | 1 | 4 |
_aProductos agrícolas _xMercadeo. _991951 |
| 650 | 1 | 4 |
_aTipo de cambio. _9113390 |
| 856 |
_3Finding aid _uhttp://10.13.5.2/tesis/98940.pdf _zTeclea aqui |
||
| 901 | _aBK | ||
| 905 | _aMayto Villalobos S. | ||
| 942 | _cFOLL | ||
| 949 |
_aTesis _bBC _cTES _d33724000899126 _eTS2 _fc.2 _h41093 _i98940 _sb |
||
| 949 |
_aTesis _bBC _cTES _d98940123 _eTS1 _h41092 _i98940 _sb |
||
| 999 |
_c87423 _d87423 |
||